Missing Word: 2005 Movies Quiz Stats

 Plays Quiz Updated Jul 26, 2012

Support Sporcle.
Go Orange.
Score 0/20 Timer 04:00
0 Plays Today
Hint Answer % Correct
Charlie and the _____ FactoryChocolate
98.5%
The 40-Year-Old _____Virgin
97.1%
Brokeback _____Mountain
96.2%
_____ CrashersWedding
93.1%
Harry Potter and the _____ of FireGoblet
90.9%
Fantastic _____Four
90.8%
The _____ GrimmBrothers
87.3%
The Sisterhood of the Traveling _____Pants
84.6%
War of the _____Worlds
84.4%
Batman _____Begins
80.7%
Hint Answer % Correct
Star Wars Episode III: _____ of the SithRevenge
80.2%
March of the _____Penguins
71%
Assault on _____ 13Precinct
66%
Must Love _____Dogs
57.1%
Cinderella _____Man
52.6%
_____ FluxÆon
42%
_____ of DogtownLords
40.5%
Howl's _____ CastleMoving
28.3%
Green Street _____Hooligans
19%
_____ ManhattanLittle
7.8%

Today's Daily Dose

Word Ladder
ING Words

Get the Picture
Nearest Volcano

From the Vault

Mäde In Germany

by MrChewypoo

It's hard to resist the beauty of the Umlaut.
Remove Ads.
Support Sporcle.
Get the best of Sporcle when you Go Orange. This ad-free experience offers more features, more stats, and more fun while also helping to support Sporcle. Thank you for becoming a member.

Show Comments

Extras

Top Quizzes Today


Score Distribution

Your Account Isn't Verified!

In order to create a playlist on Sporcle, you need to verify the email address you used during registration. Go to your Sporcle Settings to finish the process.

Report this User

Report this user for behavior that violates our Community Guidelines.

Details: